[Event "Turniej Niepodleglosci 2024"]
[Site "Warsaw POL"?"]
[Date "2024.11.11"]
[Round "1.1"]
[White "Heberla, Bartlomiej"]
[Black "Stachniak, Stanislaw"]
[Result "1-0"]
[WhiteElo "2454"]
[BlackElo "1714"]

1. e4 e6 2. d4 d5 3. e5 c5 4. c3 Nc6 5. Nf3 Qb6 6. Na3 cxd4 7. cxd4 Bb4+ 8.
Bd2 Bd7 9. Nc2 Bxd2+ 10. Qxd2 Nge7 11. Bd3 Nf5 12. Bxf5 exf5 13. O-O O-O
14. Rfc1 Rac8 15. Ne3 Be6 16. Rc3 Ne7 17. Rac1 Rc7 18. Rc4 Rxc4 19. Rc2 Rc3
20. Rxc3 Rc8 21. Rxc8+ Nxc8 22. Qc3 Qc6 23. Qxc6 bxc6 24. g3 Nb6 25. Ne1
Kf8 26. Nd3 Na4 27. Kf1 Ke7 28. Ke1 Kd7 29. Kd2 h6 30. b3 Nb6 31. h4 Kc7
32. Kc3 Nd7 33. Nc5 Nxc5 34. dxc5 g5 35. f4 gxh4 36. gxh4 Kd7 37. Nc2 Ke7
38. Nd4 Bd7 39. Kb4 f6 40. e6 Bxe6 41. Nxc6+ Kd7 42. Nxa7 d4 43. Nb5 d3 44.
Kc3 Bd5 45. Kxd3 Kc6 46. Nc3 Bg2 47. b4 1-0

[Event "Turniej Niepodleglosci 2024"]
[Site "Warsaw POL"?"]
[Date "2024.11.11"]
[Round "1.2"]
[White "Chrostowski, Kacper"]
[Black "Krasenkow, Michal"]
[Result "0-1"]
[WhiteElo "1714"]
[BlackElo "2399"]

1. e4 d6 2. d4 Nf6 3. Nc3 c6 4. Nf3 Bg4 5. h3 Bh5 6. Bg5 e6 7. Qe2 Be7 8.
g4 Bg6 9. e5 Nd5 10. Nxd5 cxd5 11. Qb5+ Qd7 12. Bxe7 Qxb5 13. Bxb5+ Kxe7
14. Kd2 Be4 15. Ke3 dxe5 16. dxe5 Nc6 17. Bxc6 bxc6 18. Rhc1 Rab8 19. b3 c5
20. c4 Bxf3 21. Kxf3 d4 22. Rab1 a5 23. Rb2 g5 24. Rcb1 Rb6 25. Ke4 Rf8 26.
Rf1 f5+ 27. Kd3 fxg4 28. hxg4 Rf3+ 29. Ke2 Rh3 30. f4 Re3+ 31. Kd2 gxf4 32.
Rxf4 Rxe5 33. Rb1 h5 34. Rg1 Rg5 35. Re4 a4 36. Kc2 axb3+ 37. axb3 Ra6 38.
Kb2 hxg4 39. Rgxg4 Rxg4 40. Rxg4 e5 41. Rh4 Kf7 42. Kc2 Kg6 43. Rh8 Kf5 44.
Rc8 Ra5 45. Rf8+ Ke4 46. Kb2 Ke3 47. b4 Ra4 48. bxc5 Rxc4 49. Rc8 d3 50.
Kb3 Rc1 51. Rd8 Rxc5 0-1

[Event "Turniej Niepodleglosci 2024"]
[Site "Warsaw POL"?"]
[Date "2024.11.11"]
[Round "1.3"]
[White "Luch, Michal"]
[Black "Wieckowski, Kamil"]
[Result "1-0"]
[WhiteElo "2398"]
[BlackElo "1705"]

1. d4 Nf6 2. c4 c5 3. d5 b5 4. Qc2 d6 5. e4 g6 6. cxb5 a6 7. Nc3 Bg7 8. Nf3
O-O 9. h3 axb5 10. Bxb5 Ba6 11. O-O Bxb5 12. Nxb5 Qb6 13. a4 Nbd7 14. Be3
Rfb8 15. Nd2 Ne5 16. f4 Ned7 17. Nc4 Qb7 18. Rae1 Nb6 19. b3 Nxc4 20. Qxc4
Nd7 21. Rb1 Nb6 22. Qc2 Rc8 23. Qf2 Nd7 24. Rfc1 Nf6 25. Qf3 Nd7 26. Bf2
Nb8 27. e5 Rd8 28. exd6 exd6 29. Bh4 Rd7 30. Re1 Na6 31. f5 Be5 32. f6 Nb4
33. Rbd1 c4 34. Qe3 Kh8 35. bxc4 Rg8 36. Qh6 Qa8 37. Bf2 Bxf6 38. Bd4 Bxd4+
39. Rxd4 Rg7 40. Rde4 Rd8 41. Nxd6 Nd3 42. Re8+ Rg8 43. Nxf7# 1-0

[Event "Turniej Niepodleglosci 2024"]
[Site "Warsaw POL"?"]
[Date "2024.11.11"]
[Round "1.4"]
[White "Jarmolowski, Tadeusz"]
[Black "Kashlinskaya, Alina"]
[Result "0-1"]
[WhiteElo "1700"]
[BlackElo "2383"]

1. e4 c6 2. d4 d5 3. exd5 cxd5 4. Bd3 Nc6 5. c3 Nf6 6. Bf4 g6 7. Nf3 Bg7 8.
O-O Bf5 9. Bxf5 gxf5 10. Re1 O-O 11. Nbd2 Ne4 12. Nxe4 fxe4 13. Ne5 Nxe5
14. dxe5 e6 15. Qg4 Kh8 16. Rad1 f5 17. exf6 Qxf6 18. Be3 Rg8 19. Qg3 Qf7
20. Qh3 Bf6 21. Bd4 Rg6 22. Re3 e5 23. Bc5 b6 24. Ba3 Rag8 25. Rg3 d4 26.
cxd4 exd4 27. Qf5 Rxg3 28. hxg3 Qg6 29. Qxg6 hxg6 30. b3 Kg7 31. Rc1 Be5
32. Bb2 Re8 33. Kf1 Kf7 34. Ke2 d3+ 0-1

[Event "Turniej Niepodleglosci 2024"]
[Site "Warsaw POL"?"]
[Date "2024.11.11"]
[Round "1.5"]
[White "Jakubowski, Krzysztof"]
[Black "Szedny, Boguslaw"]
[Result "1-0"]
[WhiteElo "2351"]
[BlackElo "1700"]

1. c4 c6 2. Nf3 d5 3. g3 Nf6 4. Bg2 Bf5 5. O-O e6 6. Qb3 Qb6 7. d3 Nbd7 8.
Be3 dxc4 9. dxc4 Bc5 10. Bxc5 Nxc5 11. Qa3 O-O 12. Nc3 Nce4 13. Na4 Qa6 14.
Qb4 Rfd8 15. Nh4 Bg6 16. Rad1 Rab8 17. c5 Nd5 18. Qd4 e5 19. Qxe5 Qxa4 20.
Nxg6 hxg6 21. Rd4 Re8 22. Qxe8+ Rxe8 23. Rxa4 Nxc5 24. Rxa7 Rxe2 25. Bxd5
cxd5 26. b4 Nd3 27. a3 Ra2 28. b5 d4 29. Rxb7 Rxa3 30. Rd7 Ne5 31. Rd8+ Kh7
32. Rb1 d3 33. b6 Ra2 34. b7 Nc6 35. Rxd3 Ra7 36. Rc3 Nb8 37. Rc8 Nd7 38.
Rd8 Nc5 39. b8=Q 1-0

[Event "Turniej Niepodleglosci 2024"]
[Site "Warsaw POL"?"]
[Date "2024.11.11"]
[Round "1.6"]
[White "Grzelak, Piotr"]
[Black "Gdanski, Jacek"]
[Result "0-1"]
[WhiteElo "1699"]
[BlackElo "2343"]

1. d4 Nf6 2. Bf4 c5 3. e3 Qb6 4. Na3 d6 5. c3 a6 6. Qc2 Nh5 7. O-O-O Nxf4
8. exf4 cxd4 9. Nc4 Qc7 10. cxd4 Nd7 11. Be2 Nf6 12. Bf3 g6 13. h3 Bf5 14.
Qc3 Rc8 15. b3 b5 16. g4 Be4 17. Bxe4 Nxe4 18. Nxd6+ exd6 19. Qxc7 Rxc7+
0-1

[Event "Turniej Niepodleglosci 2024"]
[Site "Warsaw POL"?"]
[Date "2024.11.11"]
[Round "1.7"]
[White "Jarmula, Lukasz"]
[Black "Marciniak, Kajetan"]
[Result "0-1"]
[WhiteElo "2307"]
[BlackElo "1695"]

1. e4 d6 2. d4 Nf6 3. Nc3 Nc6 4. Be2 g6 5. Be3 Bg7 6. h3 O-O 7. Nf3 a6 8.
a4 e6 9. O-O b6 10. Qd2 Bb7 11. Bh6 d5 12. Bxg7 Kxg7 13. e5 Ne4 14. Qe3 Ne7
15. g4 c5 16. Nd1 cxd4 17. Nxd4 Nc6 18. Nxc6 Bxc6 19. c3 Qh4 20. Kh2 f6 21.
exf6+ Rxf6 22. f4 Raf8 23. b4 e5 24. b5 exf4 25. Qg1 Ba8 26. Bf3 Ng5 27.
Qg2 Qg3+ 28. Kh1 Nxf3 29. Rxf3 Qxg2+ 30. Kxg2 d4 31. cxd4 Rd6 32. Kf2 Bxf3
33. Kxf3 a5 34. Nf2 Rxd4 35. Rc1 Rxa4 36. g5 Ra3+ 0-1

[Event "Turniej Niepodleglosci 2024"]
[Site "Warsaw POL"?"]
[Date "2024.11.11"]
[Round "1.8"]
[White "Grzeszuk, Marek"]
[Black "Nguyen, Piotr"]
[Result "0-1"]
[WhiteElo "1693"]
[BlackElo "2295"]

1. e4 c5 2. Nf3 g6 3. Bc4 Bg7 4. Nc3 Nc6 5. d3 d6 6. h3 Nf6 7. Bg5 h6 8.
Be3 O-O 9. Qd2 Kh7 10. O-O b6 11. Ne2 Bb7 12. c3 d5 13. exd5 Nxd5 14. Ng3
Na5 15. Bb5 f5 16. Ne2 e5 17. Qc1 Nxe3 18. fxe3 a6 19. Ba4 Qxd3 20. Ng3 Nc4
21. Re1 e4 22. Bc2 Qd6 23. Bb3 Qxg3 24. Bxc4 exf3 25. Bf1 f2+ 0-1

[Event "Turniej Niepodleglosci 2024"]
[Site "Warsaw POL"?"]
[Date "2024.11.11"]
[Round "1.9"]
[White "Zochowski, Kacper"]
[Black "Sucharski, Jakub"]
[Result "1-0"]
[WhiteElo "2273"]
[BlackElo "1689"]

1. Nf3 c5 2. c4 e6 3. g3 Nf6 4. Bg2 Nc6 5. O-O Be7 6. b3 O-O 7. Bb2 d5 8.
cxd5 exd5 9. d4 b6 10. Nc3 Be6 11. Rc1 h6 12. dxc5 Bxc5 13. Na4 Nd7 14. Qd2
Rc8 15. Nxc5 Nxc5 16. Rfd1 Re8 17. Nd4 Nxd4 18. Qxd4 Qg5 19. e3 Red8 20. h4
Qg6 21. Bf1 Qg4 22. Qxg4 Bxg4 23. Rd4 Be6 24. f3 Nd7 25. Rdd1 f6 26. Ba6
Rxc1 27. Rxc1 Ne5 28. Kf2 Kf7 29. Bd4 Rd7 30. Ke2 g5 31. hxg5 hxg5 32. f4
Bg4+ 33. Kf2 gxf4 34. gxf4 Ng6 35. Bc8 1-0

[Event "Turniej Niepodleglosci 2024"]
[Site "Warsaw POL"?"]
[Date "2024.11.11"]
[Round "1.10"]
[White "Kobryn, Wieslaw"]
[Black "Czernek, Tymon"]
[Result "0-1"]
[WhiteElo "1681"]
[BlackElo "2240"]

1. e4 c5 2. Nf3 d6 3. h3 Nf6 4. d3 g6 5. c3 Bg7 6. Be2 O-O 7. O-O e5 8. Be3
h6 9. Nbd2 Nc6 10. Re1 Re8 11. Nf1 b6 12. Ng3 d5 13. exd5 Nxd5 14. Qc1 Nxe3
15. fxe3 f5 16. Nf1 e4 17. dxe4 fxe4 18. N3h2 Qg5 19. Bg4 Ne5 20. Bxc8
Raxc8 21. Qd1 Rcd8 22. Qe2 Rf8 23. Kh1 Nd3 24. Qg4 Nf2+ 0-1

[Event "Turniej Niepodleglosci 2024"]
[Site "Warsaw POL"?"]
[Date "2024.11.11"]
[Round "2.1"]
[White "Lewandrowski, Tomasz"]
[Black "Heberla, Bartlomiej"]
[Result "0-1"]
[WhiteElo "1959"]
[BlackElo "2454"]

1. d4 Nf6 2. Nc3 d5 3. Bf4 e6 4. Nb5 Bb4+ 5. c3 Ba5 6. a4 a6 7. b4 Bxb4 8.
cxb4 axb5 9. axb5 Rxa1 10. Qxa1 Nh5 11. Be5 f6 12. Bg3 Nxg3 13. hxg3 Qd6
14. Qc3 O-O 15. Nf3 Nd7 16. e3 e5 17. Be2 e4 18. Nd2 f5 19. O-O Nf6 20. Rc1
Ne8 21. Qc5 Rf6 22. Bh5 g6 23. Bd1 b6 24. Qc3 Bd7 25. Be2 Rf7 26. Ra1 Kg7
27. Ra8 Nf6 28. Nb1 g5 29. Na3 h5 30. Nc2 h4 31. gxh4 gxh4 32. f4 exf3 33.
gxf3 Qg3+ 34. Kf1 f4 35. Bd1 Bxb5+ 36. Be2 Qxf3+ 0-1

[Event "Turniej Niepodleglosci 2024"]
[Site "Warsaw POL"?"]
[Date "2024.11.11"]
[Round "2.2"]
[White "Krasenkow, Michal"]
[Black "Goslawski, Michal"]
[Result "1-0"]
[WhiteElo "2399"]
[BlackElo "1955"]

1. e4 c6 2. d3 d5 3. Nd2 e5 4. Ngf3 Bd6 5. d4 exd4 6. Nxd4 Nf6 7. exd5 O-O
8. dxc6 Re8+ 9. Be2 Nxc6 10. Nxc6 bxc6 11. O-O Qe7 12. Bd3 Qe5 13. Nf3 Qh5
14. Bxh7+ Qxh7 15. Qxd6 Qxc2 16. Nd4 Qd3 17. Be3 Bg4 18. h3 Rad8 19. Qg3
Bh5 20. Nxc6 Rd6 21. Ne5 Qd5 22. Bf4 Rde6 23. Ng4 Bxg4 24. hxg4 Ne4 25. Qb3
Qd7 26. Rad1 Qe7 27. f3 Nc5 28. Qa3 Re2 29. Rc1 1-0

[Event "Turniej Niepodleglosci 2024"]
[Site "Warsaw POL"?"]
[Date "2024.11.11"]
[Round "2.3"]
[White "Kopacki, Aleksander"]
[Black "Luch, Michal"]
[Result "0-1"]
[WhiteElo "1951"]
[BlackElo "2398"]

1. e4 c5 2. Nf3 e6 3. d4 cxd4 4. Nxd4 Nc6 5. Nc3 Qc7 6. Qd3 a6 7. Nxc6 Qxc6
8. Be2 b5 9. a3 Bb7 10. Bf3 Qc7 11. O-O d6 12. Bf4 Rd8 13. Rfd1 e5 14. Be3
Nf6 15. Bg5 Be7 16. Bxf6 Bxf6 17. g3 O-O 18. h4 Be7 19. Rac1 Qb6 20. Nd5
Bxd5 21. Qxd5 Rc8 22. c3 Rc5 23. Qb3 Rc4 24. Rd2 g5 25. h5 g4 26. Bg2 Bg5
27. Qd1 Bxd2 28. Qxd2 Qd8 29. Rd1 Rc6 30. Qd5 Rb6 31. Qd2 Qf6 32. Qe3 Rc6
33. Rf1 h6 34. f3 gxf3 35. Rxf3 Qg5 36. Qxg5+ hxg5 37. g4 Kg7 38. Kf2 a5
39. Bf1 Rb8 40. Re3 b4 41. axb4 axb4 42. c4 b3 43. Rc3 Rc5 44. Ke3 Ra5 45.
Rd3 Rb6 46. Kd2 Ra1 47. Be2 Rb1 48. Kc3 Rc1+ 49. Kd2 Rc2+ 50. Ke3 Rxb2 51.
Bd1 Rb1 52. Kd2 b2 53. Bc2 Rg1 0-1

[Event "Turniej Niepodleglosci 2024"]
[Site "Warsaw POL"?"]
[Date "2024.11.11"]
[Round "2.4"]
[White "Kashlinskaya, Alina"]
[Black "Gorniewicz, Oskar"]
[Result "1-0"]
[WhiteElo "2383"]
[BlackElo "1947"]

1. d4 Nf6 2. c4 c6 3. d5 e5 4. Nc3 d6 5. e4 Be7 6. g3 O-O 7. Bg2 Ne8 8. Nf3
f5 9. exf5 Bxf5 10. O-O Nd7 11. Qe2 a6 12. a4 Rb8 13. Ne4 h6 14. Nfd2 Nc7
15. a5 b5 16. b3 Nf6 17. Ra2 Nce8 18. f4 Nd7 19. g4 Bxe4 20. Nxe4 exf4 21.
Bxf4 Ndf6 22. Ng3 Qd7 23. Nf5 Bd8 24. Bh3 Nh7 25. g5 Rxf5 26. Bxf5 Qxf5 27.
Qxe8+ Qf8 1-0

[Event "Turniej Niepodleglosci 2024"]
[Site "Warsaw POL"?"]
[Date "2024.11.11"]
[Round "2.5"]
[White "Safanowski, Tomasz"]
[Black "Jakubowski, Krzysztof"]
[Result "0-1"]
[WhiteElo "1940"]
[BlackElo "2351"]

1. e4 c5 2. Nc3 Nc6 3. f4 g6 4. Nf3 Bg7 5. Bb5 Nd4 6. Nxd4 cxd4 7. Ne2 Nf6
8. Bd3 Qb6 9. b3 d6 10. Bb2 e5 11. fxe5 dxe5 12. Ba3 Bg4 13. O-O Nxe4 14.
Qe1 Nc5 15. Qf2 O-O 16. Ng3 Nxd3 17. cxd3 Qa6 18. Bxf8 Rxf8 19. h3 Bd7 20.
Ne4 Qxd3 21. Nc5 Qb5 22. Nxd7 Qxd7 23. d3 Rc8 24. Kh1 Rc3 25. Qe2 b5 26.
Qe4 f5 27. Qa8+ Rc8 28. Qf3 h5 29. g4 hxg4 30. hxg4 f4 31. Rac1 Rc3 32.
Rxc3 dxc3 33. Kg2 b4 34. Qa8+ Bf8 35. Qf3 Bc5 36. Kh3 Kg7 37. Qe4 Qd4 38.
Qxd4 Bxd4 39. Rc1 Be3 40. Rc2 f3 41. Kg3 f2 42. Kg2 Kf6 43. a3 a5 44. axb4
axb4 45. Ra2 Kg5 46. Ra6 c2 0-1

[Event "Turniej Niepodleglosci 2024"]
[Site "Warsaw POL"?"]
[Date "2024.11.11"]
[Round "2.6"]
[White "Gdanski, Jacek"]
[Black "Mroczkowski, Adam"]
[Result "1-0"]
[WhiteElo "2343"]
[BlackElo "1939"]

1. e4 e5 2. Nc3 Nc6 3. Bc4 Nf6 4. d3 Bc5 5. Nf3 d6 6. Na4 Bb6 7. Nxb6 axb6
8. c3 O-O 9. Bb3 Ne7 10. Bg5 Ng6 11. Nh4 Kh8 12. Qf3 h6 13. Bxf6 Qxf6 14.
Qxf6 gxf6 15. Nxg6+ fxg6 16. h4 Bd7 17. Ke2 Kg7 18. f3 Rae8 19. a4 Ra8 20.
Ra3 Ra7 21. Rha1 Rfa8 22. Ke3 Ra5 23. Bc2 b5 24. b4 R5a6 25. a5 Kf7 26. d4
Ke7 27. g3 Rc6 28. Bd3 Rca6 29. c4 c6 30. d5 Rc8 31. dxc6 bxc6 32. Rc1 Kd8
33. Rac3 Raa8 34. R3c2 Rab8 35. c5 dxc5 36. Rxc5 Ra8 37. f4 exf4+ 38. gxf4
Ke7 39. Rg1 Rg8 40. Bc2 Kd6 41. e5+ fxe5 42. fxe5+ Kc7 43. Rxg6 Rxg6 44.
Bxg6 Be6 45. Be4 Bd7 46. Kd4 Rd8 47. Ke3 Re8 48. Bg6 Rf8 49. Be4 Re8 50.
Bf3 Rf8 51. e6 Re8 52. Re5 Bxe6 53. Bg4 Bf7 54. Rxe8 Bxe8 55. Kd4 Kd6 56.
a6 Kc7 57. Kc5 Bg6 58. Bf3 Be8 59. a7 Kb7 60. a8=Q+ Kxa8 61. Bxc6+ 1-0

[Event "Turniej Niepodleglosci 2024"]
[Site "Warsaw POL"?"]
[Date "2024.11.11"]
[Round "2.8"]
[White "Nguyen, Piotr"]
[Black "Staroszczyk, Mateusz"]
[Result "1-0"]
[WhiteElo "2295"]
[BlackElo "1899"]

1. c4 d6 2. g3 c6 3. Bg2 g6 4. Nc3 Bg7 5. e4 Nf6 6. Nge2 Qc7 7. O-O e5 8.
d3 Bg4 9. f3 Be6 10. f4 Bg4 11. h3 Bxe2 12. Qxe2 Nbd7 13. Be3 Nh5 14. Qf2
exf4 15. gxf4 O-O 16. d4 Rae8 17. Bf3 Nhf6 18. e5 dxe5 19. dxe5 Nxe5 20.
fxe5 Qxe5 21. Rae1 Qf5 22. Bg2 Qd3 23. Bxa7 Qxc4 24. Bc5 Rxe1 25. Rxe1 Re8
26. Rxe8+ Nxe8 27. Bf1 Qe6 28. Qe3 Qd7 29. Qe7 Qxe7 30. Bxe7 Nc7 31. Bg2
Ne6 32. Na4 f5 33. b4 Kf7 34. Bd6 Nd4 35. Nc5 b6 36. Nb3 Ke6 37. Bc7 1-0

[Event "Turniej Niepodleglosci 2024"]
[Site "Warsaw POL"?"]
[Date "2024.11.11"]
[Round "2.9"]
[White "Sacharewicz, Krzysztof"]
[Black "Zochowski, Kacper"]
[Result "0-1"]
[WhiteElo "1906"]
[BlackElo "2273"]

1. d4 f5 2. Nf3 Nf6 3. c4 e6 4. Nc3 Be7 5. g3 O-O 6. Bg2 Ne4 7. O-O d6 8.
Nd2 Nxc3 9. bxc3 e5 10. Qb3 Nc6 11. c5+ Kh8 12. cxd6 cxd6 13. Bb2 Qc7 14.
Rac1 Bd7 15. Rfd1 Rab8 16. Qc2 Bf6 17. e4 f4 18. d5 Nd8 19. c4 b6 20. Bc3
Nb7 21. Re1 Bg5 22. Ra1 Rbc8 23. Bf1 Nc5 24. Nb3 Na4 25. Bd2 Qd8 26. Rac1
Qf6 27. Bb4 fxg3 28. fxg3 Bxc1 29. Nxc1 Nc5 30. Nd3 Nxe4 31. Nxe5 Bf5 32.
Nd7 Qd4+ 33. Kg2 Bxd7 34. Rxe4 Qa1 35. Re1 Qf6 36. Bc3 Qf3+ 37. Kg1 Bf5 38.
Qd2 Be4 0-1

[Event "Turniej Niepodleglosci 2024"]
[Site "Warsaw POL"?"]
[Date "2024.11.11"]
[Round "2.10"]
[White "Czernek, Tymon"]
[Black "Czech, Franciszek"]
[Result "1-0"]
[WhiteElo "2240"]
[BlackElo "1876"]

1. e4 c5 2. Nf3 e6 3. d4 cxd4 4. Nxd4 Nc6 5. Nc3 Qc7 6. Be3 a6 7. Qf3 Nf6
8. O-O-O Bb4 9. Nxc6 bxc6 10. Ne2 d5 11. exd5 cxd5 12. Bd4 Be7 13. Qg3 Qxg3
14. Nxg3 O-O 15. Bd3 Bd7 16. Kb1 Bb5 17. Bxb5 axb5 18. Rd3 Nd7 19. Re1 Rfc8
20. f4 g6 21. f5 Ra6 22. fxe6 fxe6 23. Rb3 b4 24. Rbe3 Kf7 25. Ne2 Bg5 26.
Rg3 Bf6 27. Rh3 Kg7 28. Bxf6+ Nxf6 29. Nd4 Ne4 30. Rd3 Rca8 31. a3 bxa3 32.
Rxa3 Rxa3 33. bxa3 Kf6 34. Kb2 Ke5 35. Nb3 Kd6 36. Rf1 Ra7 37. Rf8 Nc5 38.
Rd8+ Kc7 39. Rh8 Na4+ 40. Kc1 Kd6 41. Rd8+ Ke5 42. Re8 Rc7 43. Ra8 Nc3 44.
a4 Ne2+ 45. Kb2 Nd4 46. Nxd4 Kxd4 47. a5 e5 48. a6 Rc6 49. a7 Ra6 50. Kc1
e4 51. Kd2 Ra2 52. g4 e3+ 53. Kd1 Ra1+ 54. Ke2 Ra2 55. Kd1 Ra1+ 56. Ke2 Ra2
57. Re8 Rxa7 58. Rxe3 Ra2 59. Rd3+ Ke4 60. Kd2 d4 61. Rh3 Kf4 62. Rxh7 Kxg4
63. Kd3 g5 64. Rg7 Kf4 65. Rd7 Ra3+ 66. Kxd4 Rh3 67. Rf7+ Kg4 68. Rf2 Rh7
69. c4 Kh4 70. c5 g4 71. c6 Kg5 72. Kd5 Ra7 73. Kd6 Ra1 74. Rd2 Kf6 75. c7
Rc1 76. Kd7 Kg5 77. c8=Q Rxc8 78. Kxc8 Kh4 79. Kd7 Kg5 80. Kd6 Kf4 81. Kc5
Ke3 82. Ra2 Kf3 83. Kd4 Kf4 84. Ra3 Kg5 85. Ke5 Kh4 86. Kf5 Kh5 87. Ra8 Kh6
88. Ra7 g3 89. hxg3 Kh5 90. Rh7# 1-0

[Event "Turniej Niepodleglosci 2024"]
[Site "Warsaw POL"?"]
[Date "2024.11.11"]
[Round "3.1"]
[White "Heberla, Bartlomiej"]
[Black "Mickiewicz, Piotr"]
[Result "1-0"]
[WhiteElo "2454"]
[BlackElo "2098"]

1. Nf3 Nf6 2. c4 e6 3. Nc3 d5 4. e3 b6 5. cxd5 exd5 6. g3 Bd6 7. Bg2 O-O 8.
O-O a6 9. b3 Re8 10. Bb2 b5 11. Ne2 c5 12. d3 Bb7 13. Rc1 Nbd7 14. Rc2 a5
15. Qd2 a4 16. Rfc1 axb3 17. axb3 b4 18. Qd1 Ba6 19. Nf4 Qb6 20. Nh4 g5 21.
Nxd5 Nxd5 22. Bxd5 gxh4 1-0

[Event "Turniej Niepodleglosci 2024"]
[Site "Warsaw POL"?"]
[Date "2024.11.11"]
[Round "3.2"]
[White "Malicka, Maria"]
[Black "Krasenkow, Michal"]
[Result "0-1"]
[WhiteElo "2090"]
[BlackElo "2399"]

1. e4 g6 2. d4 Bg7 3. Nc3 d6 4. Bg5 h6 5. Bh4 Nf6 6. Qd2 Nbd7 7. f4 c5 8.
Nf3 cxd4 9. Nxd4 O-O 10. O-O-O Qa5 11. Bc4 Nb6 12. Bb3 e5 13. fxe5 dxe5 14.
Nf3 g5 15. Be1 Qc5 16. Bf2 Qe7 17. Qd6 Qxd6 18. Rxd6 Ng4 19. Bxb6 axb6 20.
Rxb6 Ra6 21. Rxa6 bxa6 22. Rd1 Ne3 23. Rd2 g4 24. Nh4 Bf6 25. g3 Bg5 26.
Kb1 Nf5 27. Rd5 Nxh4 28. gxh4 Bf4 29. Rd6 Bxh2 30. Nd5 g3 31. Ne3 Bh3 32.
Rxh6 Kg7 33. Rh5 f6 34. Bc4 g2 35. Nxg2 Bxg2 36. Rf5 Bxe4 37. Rf1 Rd8 38.
Bxa6 Rd2 39. Rc1 Bf4 40. a4 Rg2 41. Re1 Bxc2+ 42. Ka2 Bxa4 0-1

[Event "Turniej Niepodleglosci 2024"]
[Site "Warsaw POL"?"]
[Date "2024.11.11"]
[Round "3.3"]
[White "Luch, Michal"]
[Black "Budzisz, Adrian"]
[Result "0-1"]
[WhiteElo "2398"]
[BlackElo "2083"]

1. d4 Nf6 2. c4 e6 3. Nc3 d5 4. cxd5 exd5 5. Bg5 Bb4 6. Qa4+ Nc6 7. e3 h6
8. Bh4 g5 9. Bg3 Ne4 10. Rc1 O-O 11. Bd3 f5 12. Ne2 Be6 13. f3 Nxg3 14.
hxg3 Kg7 15. Kf2 a6 16. Qb3 Bd6 17. Na4 f4 18. gxf4 gxf4 19. exf4 Qf6 20.
Nc5 Nxd4 21. Nxe6+ Nxe6 22. Qxd5 Nxf4 23. Nxf4 Qxf4 24. Be4 Rae8 25. Rc4
Re5 26. Qd4 b5 27. Rc6 Qxe4 28. Qd2 Qxc6 29. Qxh6+ Kf7 30. Qh7+ Ke8 31. Rh6
Qd7 32. Qg6+ Kd8 33. Rh7 Bc5+ 34. Kg3 Qd6 0-1

[Event "Turniej Niepodleglosci 2024"]
[Site "Warsaw POL"?"]
[Date "2024.11.11"]
[Round "3.4"]
[White "Kujawski, Adam"]
[Black "Kashlinskaya, Alina"]
[Result "0-1"]
[WhiteElo "2088"]
[BlackElo "2383"]

1. Nf3 Nf6 2. c4 g6 3. b3 Bg7 4. Bb2 c5 5. g3 d6 6. Bg2 e5 7. Nc3 Nc6 8. d3
O-O 9. O-O h6 10. Ne1 Be6 11. Nd5 Nh5 12. Nc2 f5 13. e3 Qd7 14. Qd2 Rae8
15. Rfe1 Kh7 16. Rab1 f4 17. exf4 exf4 18. Bxg7 Qxg7 19. d4 Bf5 20. dxc5
dxc5 21. Rxe8 Rxe8 22. Re1 Rf8 23. Be4 Bxe4 24. Rxe4 f3 25. Nce3 Nf6 26.
Nxf6+ Qxf6 27. Ng4 Qg7 28. h4 Nd4 29. Kh2 h5 30. Ne3 Rf7 31. Nd5 Ne2 32.
Qg5 Qa1 33. Rxe2 fxe2 34. Nf4 Qf6 35. Qxf6 Rxf6 36. Nd3 Rxf2+ 0-1

[Event "Turniej Niepodleglosci 2024"]
[Site "Warsaw POL"?"]
[Date "2024.11.11"]
[Round "3.5"]
[White "Jakubowski, Krzysztof"]
[Black "Kanarkiewicz, Michal"]
[Result "1-0"]
[WhiteElo "2351"]
[BlackElo "2074"]

1. e4 c5 2. Nf3 d6 3. d4 cxd4 4. Nxd4 Nf6 5. Nc3 g6 6. Be3 a6 7. Be2 e5 8.
Nb3 Be6 9. g4 d5 10. g5 Nxe4 11. Nxe4 dxe4 12. Qxd8+ Kxd8 13. O-O-O+ Kc7
14. Nc5 Bxc5 15. Bxc5 Nd7 16. Bd6+ Kc6 17. h4 h5 18. Rhg1 Rac8 19. Rg3 b5
20. a4 Kb6 21. Ra3 Rc6 22. axb5 axb5 23. Bb4 Rhc8 24. c3 Nc5 25. Ba5+ Kb7
26. Bxb5 Nb3+ 27. Rxb3 Bxb3 28. Rd7+ R6c7 29. Bxc7 Rxc7 30. Rxc7+ Kxc7 31.
Kd2 Kb6 32. Bf1 Kc5 33. Ke3 Kd5 34. Ba6 Bc2 35. Bb7+ Kc4 36. Bxe4 Ba4 37.
Kd2 Bd7 38. b4 Ba4 39. Bd3+ Kd5 40. Ke3 Be8 41. c4+ Kd6 42. Be4 f6 43. gxf6
Ke6 44. b5 Kxf6 45. b6 1-0

[Event "Turniej Niepodleglosci 2024"]
[Site "Warsaw POL"?"]
[Date "2024.11.11"]
[Round "3.6"]
[White "Padalka, Artem"]
[Black "Gdanski, Jacek"]
[Result "1-0"]
[WhiteElo "2063"]
[BlackElo "2343"]

1. d4 Nf6 2. Nf3 c5 3. c3 Qc7 4. g3 b6 5. Bg2 Bb7 6. O-O d6 7. a4 e6 8. a5
Be7 9. a6 Bc6 10. dxc5 bxc5 11. Nbd2 O-O 12. Nc4 Nbd7 13. Bf4 e5 14. Bg5 h6
15. Bxf6 Nxf6 16. Nh4 Bxg2 17. Kxg2 Rab8 18. Ra2 Qc8 19. Qa4 Qe6 20. Na5 e4
21. Nc6 Rb6 22. Nf5 Bd8 23. Ne3 Bc7 24. Nxa7 Ra8 25. Nb5 Raxa6 26. Qxa6
Rxa6 27. Rxa6 Bd8 28. Rxd6 Qe8 29. Rfd1 Qxb5 30. Rxd8+ Kh7 31. R1d2 h5 32.
h4 Ng4 33. Nxg4 hxg4 34. R8d5 g6 35. b4 Qc4 36. Rxc5 Qb3 37. Rc7 Kh6 38.
Rdd7 e3 39. Rxf7 Qd5+ 40. Kh2 1-0

[Event "Turniej Niepodleglosci 2024"]
[Site "Warsaw POL"?"]
[Date "2024.11.11"]
[Round "3.7"]
[White "Jarmula, Lukasz"]
[Black "Alvarado, Carlos"]
[Result "1-0"]
[WhiteElo "2307"]
[BlackElo "2041"]

1. e4 c6 2. d4 d5 3. e5 Bf5 4. h4 h6 5. g4 Be4 6. f3 Bh7 7. e6 Qd6 8. exf7+
Kxf7 9. f4 Nf6 10. Nf3 Nbd7 11. Ne5+ Kg8 12. Nc3 Ne4 13. Bg2 Nxe5 14. fxe5
Qb4 15. Bxe4 Bxe4 16. O-O e6 17. Nxe4 dxe4 18. c3 Qb5 19. Qc2 Be7 20. Qxe4
Bxh4 21. Qg6 Rh7 22. Qf7+ 1-0

[Event "Turniej Niepodleglosci 2024"]
[Site "Warsaw POL"?"]
[Date "2024.11.11"]
[Round "3.8"]
[White "Putlak, Wojciech"]
[Black "Nguyen, Piotr"]
[Result "0-1"]
[WhiteElo "2054"]
[BlackElo "2295"]

1. Nf3 c5 2. c4 g6 3. g3 Bg7 4. Bg2 Nc6 5. O-O d6 6. Nc3 Bf5 7. d3 Qd7 8.
Bd2 Bh3 9. Rb1 h5 10. a3 h4 11. Qa4 hxg3 12. fxg3 Bxg2 13. Kxg2 Qh3+ 14.
Kf2 Nf6 15. Nd5 Ng4+ 16. Ke1 O-O 17. Nf4 Qh8 18. h4 a5 19. Nd5 Nge5 20. Bc3
e6 21. Nxe5 dxe5 22. Ne3 e4 23. Bxg7 Qxg7 24. dxe4 Qd4 25. Qb3 Qxe4 26. Qd3
Qxd3 27. exd3 Rad8 28. Rd1 Rd6 29. Nc2 Rfd8 30. Ke2 Ne5 31. b4 axb4 32.
axb4 Nxd3 33. bxc5 Nxc5 34. Rxd6 Rxd6 35. Rb1 Kg7 36. Rb5 b6 37. Ne3 f5 38.
Rb1 Ne4 39. Ra1 Nxg3+ 40. Kf3 Ne4 41. Ra7+ Kf6 42. Ng4+ fxg4+ 43. Kxe4 e5
44. Rc7 Rd4+ 45. Ke3 g3 46. Rc6+ Kf5 47. Rxb6 Rxc4 48. Kf3 Rxh4 49. Kxg3
Rg4+ 50. Kf2 Ra4 51. Rb2 g5 52. Rb3 Rf4+ 53. Kg3 Rg4+ 54. Kf2 e4 55. Rb8
Rf4+ 56. Ke3 Rf3+ 57. Ke2 Ra3 58. Rf8+ Kg4 59. Re8 Kf4 60. Rf8+ Kg3 61. Re8
e3 62. Rg8 g4 63. Rg7 Kh3 64. Rh7+ Kg2 65. Rg7 g3 66. Rg6 Kh2 67. Kf3 e2+
68. Kxe2 g2 0-1

[Event "Turniej Niepodleglosci 2024"]
[Site "Warsaw POL"?"]
[Date "2024.11.11"]
[Round "3.9"]
[White "Zochowski, Kacper"]
[Black "Kazmierowski, Tymon"]
[Result "0-1"]
[WhiteElo "2273"]
[BlackElo "2034"]

1. Nf3 c5 2. c4 Nc6 3. b3 Nf6 4. Bb2 e6 5. g3 d5 6. Bg2 Be7 7. O-O O-O 8.
e3 b6 9. Nc3 Bb7 10. Qe2 Qd7 11. Rfd1 d4 12. exd4 cxd4 13. Nb5 d3 14. Qf1
Rfd8 15. Rac1 a6 16. Nbd4 Nxd4 17. Nxd4 Bc5 18. Nf3 Ne4 19. Ne5 Qc7 20. Ng4
h5 21. Ne3 h4 22. Bh1 Ng5 23. Bxb7 Qxb7 24. Qg2 Nf3+ 25. Kf1 h3 26. Qxh3
Nxd2+ 27. Kg1 Nf3+ 28. Kh1 d2 29. Rb1 Bxe3 30. fxe3 Ne1+ 31. Kg1 Qe4 32.
Qf1 Qxe3+ 33. Qf2 Qe4 34. Bc3 Rd3 35. Bxd2 Nf3+ 36. Kf1 Rxd2 37. Qxb6 Qe2#
0-1